| 000 | 00407nam a2200133Ia 4500 | ||
|---|---|---|---|
| 008 | 220217s9999||||xx |||||||||||||| ||und|| | ||
| 020 | _a81-88849-16-2 | ||
| 082 | _a621.382 2 RAO | ||
| 100 | _aRao, Ganesh. D,Harry, bhat,K.N | ||
| 245 | 0 | _aDigital communications:A simplified approach | |
| 260 |
_aSanguine Technical publications _bBangalore _c2005 |
||
| 300 | _b265 | ||
| 650 | _aCOMMUNICATION SYSTEM | ||
| 999 |
_c173937 _d173937 |
||